01165nab a22002297a 4500999001500000003000400015005001700019008004100036040000700077100002800084245015400112300001500266500003600281505010500317505017800422650005800600650004200658650003100700650003500731773015600766942001300922 c5756d5756OSt20260105144102.0190514b xxu||||| |||| 00| 0 spa d cPJ 96551aMorabito, Rodrigo10aLas sanciones en el sistema de justicia penal juvenil y su imposibilidad de comunicación al Registro Nacional de Reincidencia /cRodrigo Morabito.  ap. 103-105 aCita: TR LALEY AR/DOC/868/2025. a Sumario: I. Resumen del caso.— II. Análisis del caso judicial.— III. A modo de conclusión.  tFallo comentado: SC Buenos Aires ~ 22/11/2024 ~ A., F. D. s/ recurso extraordinario de inaplicabilidad de ley en causa n° 122.647 del Tribunal de Casación Penal, sala IV. 092741aDERECHOS DE LAS NIÑAS, NIÑOS Y ADOLESCENTES 092730aRÉGIMEN PENAL DE LA MINORIDAD 094840aANTECEDENTES PENALES 091057aJURISPRUDENCIA APLICABLE0 0284493222dBuenos Aires : AbeledoPerrot, 1989-tDerecho de familia. Revista Interdisciplinaria de doctrina y jurisprudencia. Junio 2025-III.z18511201 2udccANA